Dynamics of local self government in India and France (Record no. 12920)
[ view plain ]
| 000 -LEADER | |
|---|---|
| fixed length control field | 00260nam a2200085Ia 4500 |
| 100 ## - MAIN ENTRY--AUTHOR NAME | |
| Personal name | Sharma, Pawan Kumar. |
| 245 #0 - TITLE STATEMENT | |
| Title | Dynamics of local self government in India and France |
| Sub Title | : a case study of Faridabad and Issy-Les Moulineaux |
| 260 ## - PUBLICATION, DISTRIBUTION, ETC. (IMPRINT) | |
| Year of publication | 2006 |
| 942 ## - ADDED ENTRY ELEMENTS (KOHA) | |
| Koha item type | Research Reports |
| Source of classification or shelving scheme | Dewey Decimal Classification |
| Withdrawn status | Lost status | Damaged status | Not for loan | Collection code | Home library | Current library | Date acquired | Bill Date | Accession Number | Price effective from | Koha item type |
|---|---|---|---|---|---|---|---|---|---|---|---|
| Not For Loan | ICSSR Research Project Reports | NASSDOC Library | NASSDOC Library | 31/12/1899 | 2006-08-10 | 43642 | 18/04/2019 | Research Reports |
